| 000 | 00548nam a2200181Ia 4500 | ||
|---|---|---|---|
| 999 |
_c8790 _d8790 |
||
| 003 | OSt | ||
| 005 | 20201007124039.0 | ||
| 008 | 190216s9999||||xx |||||||||||||| ||und|| | ||
| 020 | _a007463558 | ||
| 040 | _coclc | ||
| 082 |
_a004 _bCUR/I |
||
| 100 |
_aCurtin, Dennis P _95379 |
||
| 245 | 0 |
_aInformation Technology / _cDennis P Curtin ; Kim Foley ; Kunal Sen ; Cathleen Morin |
|
| 260 |
_bTata Mcgrawhill Publishers, _c2002. _aNew Delhi: |
||
| 300 | _a300p | ||
| 650 | _aCommerce | ||
| 942 |
_cBK _2ddc _h004 _iCUR/I _k004 _mCUR/I |
||